| 000 | 00634 a2200193 4500 | ||
|---|---|---|---|
| 999 |
_c182850 _d182850 |
||
| 005 | 20211208113604.0 | ||
| 010 | _aENG-130231 | ||
| 020 |
_c749.00 _a978-93-544-9502-1 |
||
| 035 | _aEN-113763 | ||
| 037 | _bDBAD / PUB | ||
| 082 | _a338.7 | ||
| 100 | _aFernandez, Agna | ||
| 245 |
_aFernando's Business Enivornment: _cAgna Fernandez |
||
| 250 | _a2022 | ||
| 260 |
_aNoida _bPearson India Education Services Pvt Ltd. _c2022 |
||
| 270 |
_bUttar Pradesh _e201301 _a15th Floor, Tower-B, World Trade Tower, Plot No. 1, Block-C, Sector 16 |
||
| 300 |
_axxix, E.351p. _c24cm (pbk) |
||
| 942 |
_adpl _cEN _2ddc _h338.7 _mFER |
||